000 01203nam a2200313 c 4500
999 _c56881
_d56881
003 BLK
005 20221207161142.0
008 180408b bul|||||r ||||||| ||bul||
010 _aKNG00060868000
040 _aBLK
041 _aBUL
_cBUL
080 _aМедицина
_b61
_x(497.2)(09)
_z61(497.2)(09)
100 1 _aВасилев, Владимир Димитров
_eпърви автор
_9287180
139 _aИстория на медицината в България
_bИ 95
245 1 0 _aИстория на медицината в България
_bМоногр.
_cВладимирВасилев; ред. Вера Павлова.
257 _aBGR
260 _aСофия
_bМедицина и физкултура
_c1980
300 _a272 с.
_c25 см
380 _a61
650 4 _aМедицина - България - история
_9254008
651 4 _aБългария
_9241624
653 _aистория на медицината
700 1 _aПавлова, Вера Тодорова
_eред.
_9369392
852 _aЦб 105841
856 4 _qpdf
_i0.00
_ldisable
856 4 _qpdf
_i0.00
_ldisable
942 _cKNG
_n0
_01
_s1
944 _aCR
_c13.06.2004
_kГеновева_Генчева
944 _aED
_c19.08.2015
999 _d56881